<?xml version="1.0" encoding="UTF-8"?>
<record
    xmlns:xsi="http://www.w3.org/2001/XMLSchema-instance"
    xsi:schemaLocation="http://www.loc.gov/MARC21/slim http://www.loc.gov/standards/marcxml/schema/MARC21slim.xsd"
    xmlns="http://www.loc.gov/MARC21/slim">

  <leader>02050nam a2200289 a 4500</leader>
  <controlfield tag="001">MEB022296</controlfield>
  <controlfield tag="003">PILC</controlfield>
  <controlfield tag="005">20150825101735.0</controlfield>
  <controlfield tag="008">                                        </controlfield>
  <datafield tag="020" ind1=" " ind2=" ">
    <subfield code="a">0323039375 </subfield>
  </datafield>
  <datafield tag="050" ind1=" " ind2=" ">
    <subfield code="a">RT 71 </subfield>
    <subfield code="b">.P854 2007</subfield>
  </datafield>
  <datafield tag="100" ind1=" " ind2=" ">
    <subfield code="a">Potter, Patricia A.</subfield>
  </datafield>
  <datafield tag="245" ind1="0" ind2="0">
    <subfield code="a">Basic nursing :</subfield>
    <subfield code="b">essentials for practice /</subfield>
    <subfield code="c">Patricia A. Potter, Anne Griffin Perry.</subfield>
  </datafield>
  <datafield tag="250" ind1=" " ind2=" ">
    <subfield code="a">6th edition.</subfield>
  </datafield>
  <datafield tag="260" ind1=" " ind2=" ">
    <subfield code="a">St. Louis, Mo. :</subfield>
    <subfield code="b">Mosby Elsevier,</subfield>
    <subfield code="c">2007.</subfield>
  </datafield>
  <datafield tag="300" ind1=" " ind2=" ">
    <subfield code="a">xxiv, 1176 pages :</subfield>
    <subfield code="b">illustrations ;</subfield>
    <subfield code="c">29 cm. </subfield>
  </datafield>
  <datafield tag="500" ind1=" " ind2=" ">
    <subfield code="a">Accompanied by 1 CD-ROM containing video clips, a searchable audio glossary, a Spanish/English audio glossary, Butterfield's Fluids &amp; Electrolytes Tutorial, and additional NCLEX examination-style review questions.</subfield>
  </datafield>
  <datafield tag="500" ind1=" " ind2=" ">
    <subfield code="a">Includes bibliographical references and index.</subfield>
  </datafield>
  <datafield tag="505" ind1="0" ind2=" ">
    <subfield code="t">Concepts in health care. Health and wellness; The health care delivery system; Community-based nursing practice; Legal principles in nursing; Ethics. --</subfield>
    <subfield code="t">Processes in nursing care. Critical thinking and nursing judgment; Nursing process; Documenting and reporting; Communication; Patient education. --</subfield>
    <subfield code="t">Principles for nursing practice. Infection control; Vital signs; Health assessment and physical examination; Administering medicaitons; Fluid, electrolyte, and acid-base balance. --</subfield>
  </datafield>
  <datafield tag="505" ind1="0" ind2=" ">
    <subfield code="t">Principles for caring. Caring in nursing practice; Cultural diversity; Spiritual health; Growth and development; Self-concept and sexuality; Family context in nursing; Stress and coping; Loss and grief; Managing patient care. --</subfield>
    <subfield code="t">Caring for patients' basic human needs. Exercise and activity; Safety; Hygiene; Oxygenation; Sleep; Promoting comfort; Nutrition; Urinary elimination; Bowel elimination. --</subfield>
    <subfield code="t">Caring for patients' special needs. Immobility; Skin integrity and wound care; Sensory alterations; Surgical patient.</subfield>
  </datafield>
  <datafield tag="650" ind1=" " ind2="0">
    <subfield code="a">Nursing.</subfield>
  </datafield>
  <datafield tag="650" ind1=" " ind2="0">
    <subfield code="a">Nursing</subfield>
    <subfield code="x">Study and teaching.</subfield>
  </datafield>
  <datafield tag="650" ind1=" " ind2="0">
    <subfield code="a">Nursing Care.</subfield>
  </datafield>
  <datafield tag="650" ind1=" " ind2="0">
    <subfield code="a">Nursing Process.</subfield>
  </datafield>
  <datafield tag="700" ind1="1" ind2=" ">
    <subfield code="a">Perry, Anne Griffin.</subfield>
  </datafield>
  <datafield tag="942" ind1=" " ind2=" ">
    <subfield code="2">lcc</subfield>
    <subfield code="c">BK</subfield>
  </datafield>
  <datafield tag="999" ind1=" " ind2=" ">
    <subfield code="c">288474</subfield>
    <subfield code="d">288474</subfield>
  </datafield>
  <datafield tag="952" ind1=" " ind2=" ">
    <subfield code="0">0</subfield>
    <subfield code="1">0</subfield>
    <subfield code="2">lcc</subfield>
    <subfield code="4">0</subfield>
    <subfield code="a">CL</subfield>
    <subfield code="b">CL</subfield>
    <subfield code="c">GC</subfield>
    <subfield code="d">2015-08-25</subfield>
    <subfield code="e">DONATION</subfield>
    <subfield code="l">0</subfield>
    <subfield code="o">RT 71  .P854 2007</subfield>
    <subfield code="p">C19769</subfield>
    <subfield code="r">2018-05-15 00:00:00</subfield>
    <subfield code="w">2015-08-25</subfield>
    <subfield code="y">BK</subfield>
  </datafield>
</record>
